100 Best Male Footballers 2020 - Statistics

General Stats
  • This quiz has been taken 16,715 times
  • The average score is 47 of 100
Answer Stats
# Club Player % Correct
2 Barcelona Lionel Messi
99%
3 Juventus Cristiano Ronaldo
98%
8 Liverpool Mohamed Salah
91%
80 Everton Dominic Calvert-Lewin
90%
9 Paris Saint-Germain Neymar
90%
7 Paris Saint-Germain Kylian Mbappé
89%
1 Bayern Munich Robert Lewandowski
86%
10 Liverpool Virgil van Dijk
85%
4 Manchester City Kevin De Bruyne
84%
5 Liverpool Sadio Mané
84%
20 Tottenham Hotspur Harry Kane
82%
6 Borussia Dortmund Erling Braut Haaland
81%
12 Real Madrid Karim Benzema
75%
15 Bayern Munich Manuel Neuer
75%
22 Tottenham Hotspur Son Heung-min
73%
14 Bayern Munich Thomas Müller
72%
13 Real Madrid Sergio Ramos
69%
26 Liverpool Alisson
68%
71 Real Madrid Luka Modric
68%
18 Liverpool Trent Alexander-Arnold
68%
43 Liverpool Roberto Firmino
67%
19 Inter Milan Romelu Lukaku
66%
11 Bayern Munich Joshua Kimmich
65%
34 Liverpool Andrew Robertson
62%
25 A.C. Milan Zlatan Ibrahimovic
62%
42 Real Madrid Toni Kroos
60%
35 Leicester City Jamie Vardy
59%
33 Liverpool Jordan Henderson
59%
58 Atlético Madrid Luis Suárez
59%
65 Manchester City Sergio Agüero
59%
90 Barcelona Antoine Griezmann
58%
21 Manchester United Bruno Fernandes
58%
54 Chelsea Thiago Silva
57%
70 Manchester City Bernardo Silva
56%
75 Bayern Munich Leroy Sané
56%
30 Chelsea Timo Werner
56%
24 Lazio Ciro Immobile
55%
41 Manchester United Marcus Rashford
55%
27 Manchester City Raheem Sterling
54%
16 Bayern Munich Serge Gnabry
54%
36 Arsenal Pierre-Emerick Aubameyang
53%
17 Liverpool Thiago Alcântara
52%
46 Real Madrid Thibaut Courtois
52%
29 Borussia Dortmund Jadon Sancho
50%
23 Bayern Munich Alphonso Davies
48%
89 Manchester City Ederson
48%
55 Chelsea N'Golo Kanté
48%
31 Bayern Munich David Alaba
46%
83 Real Madrid Eden Hazard
46%
28 Atlético Madrid Jan Oblak
46%
44 Inter Milan Lautaro Martínez
46%
50 Chelsea Kai Havertz
45%
32 Atalanta Papu Gómez
44%
39 Juventus Paulo Dybala
44%
51 Liverpool Fabinho
43%
47 Bayern Munich Kingsley Coman
43%
59 Aston Villa Jack Grealish
42%
40 Bayern Munich Leon Goretzka
42%
38 Paris Saint-Germain Ángel Di María
41%
56 Real Madrid Casemiro
41%
48 Barcelona Marc-André ter Stegen
40%
79 Barcelona Frenkie de Jong
39%
37 Atlético Madrid João Félix
37%
86 Sevilla Jesús Navas
36%
67 Paris Saint-Germain Keylor Navas
36%
64 Lyon Memphis Depay
36%
73 Liverpool Georginio Wijnaldum
35%
97 Bayern Munich Jérôme Boateng
35%
77 Manchester City Riyad Mahrez
35%
49 Paris Saint-Germain Marquinhos
34%
63 Liverpool Diogo Jota
32%
84 Napoli Dries Mertens
32%
69 Juventus Matthijs de Ligt
32%
81 Barcelona Philippe Coutinho
29%
57 Atalanta Duván Zapata
27%
78 Wolverhampton Raúl Jiménez
27%
95 Juventus Álvaro Morata
23%
61 Atalanta Josip Ilicic
23%
62 Napoli Kalidou Koulibaly
23%
82 Everton Richarlison
23%
76 Inter Milan Achraf Hakimi
22%
52 RB Leipzig Dayot Upamecano
22%
45 Barcelona Ansu Fati
21%
60 Chelsea Hakim Ziyech
20%
100 Monaco Wissam Ben Yedder
20%
87 Rennes Eduardo Camavinga
18%
99 Paris Saint-Germain Presnel Kimpembe
18%
68 RB Leipzig Marcel Sabitzer
17%
92 Inter Milan Nicolò Barella
16%
66 Real Madrid Federico Valverde
15%
72 Lyon Houssem Aouar
14%
94 Manchester City Ferran Torres
12%
98 Lazio Luis Alberto
12%
88 Atlético Madrid Marcos Llorente
12%
74 Real Madrid Martin Ødegaard
12%
96 Red Bull Salzburg Dominik Szoboszlai
11%
91 Atalanta Robin Gosens
11%
85 Arsenal Thomas Partey
11%
53 Sevilla Lucas Ocampos
9%
93 Al Shabab Éver Banega
7%
No matching quizzes found
Score Distribution
Percent of People with Each Score
Percentile by Number Answered
Your Score History
You have not taken this quiz